| 000 | 00948njm a22002777a 4500 | ||
|---|---|---|---|
| 005 | 20100917143758.0 | ||
| 007 | sd ammalaaahaa | ||
| 008 | 100913t xxu||||| |||| 00| 0 hin d | ||
| 028 |
_aECLP 5676 _bEMI |
||
| 035 | _aGR-03153 | ||
| 040 |
_aSED _cSED |
||
| 100 |
_aBhupinder _91184 |
||
| 245 |
_aHits of Bhupinder / _cby Bhupinder _h[sound recording] : |
||
| 260 |
_aDum Dum India _bEMI _c1980 |
||
| 300 |
_a1 sound disc [Gramophone record] : _banalog, 33 1/3 rpm _c12.5 in. (LP) _fGramophone Record |
||
| 500 | _aBrief Record | ||
| 500 | _aRecord label :EMI, Red | ||
| 505 | _aSide-1 (Rut jawan jawan - aakhari khat) (Bhupinder) Side-2 (Dil dhoondhta hai- mausam) (Bhupinder) | ||
| 600 |
_919992 _2Bhupinder |
||
| 650 |
_aHindi Film Songs _xExcerpts _zIndia _919603 |
||
| 650 | _920524 | ||
| 700 | _920458 | ||
| 700 | _920517 | ||
| 942 |
_2ddc _cGR |
||
| 999 |
_c46506 _d46506 |
||